000 00408nam a2200169Ia 4500
001 6417
003 Ost
005 20260507154932.0
008 251113s9999||||xx |||||||||||||| ||eng||
040 _cnitttr
041 _aeng
082 _a620.106
_bS11E
100 _aSeshadri, C. V.
245 0 _aElements of fluid mechanics /
_cSeshadri, C. V., Patankar, S. V.
700 _a Patankar, S. V.
942 _cBK
999 _c6312
_d6312